000 00537nam a2200193 a 4500
001 4029
003 CO-ViMGA
008 141112s2004 ck r 000 u spa d
040 _aCO-ViMGA
_bspa
_cCO-ViMGA
082 0 4 _a658.4 M352
100 1 _aMendoza, Jose María
_954365
245 1 0 _aLas funciones administrativas :
_bun enfoque estrategico y táctico
250 _a2a
260 _aBarranquilla :
_bUninorte,
_c1995
300 _a285 p
590 _aEjemplares : 2
650 1 4 _aADMINISTRACION - FUNCIONES
_954366
942 _2ddc
_cBK
999 _c16047
_d16047